• 首页
  • 本馆介绍
  • 公告通知
  • 最新文献
  • 馆藏检索
  • 电子资源
  • 读者导购
  • 参考咨询
  • 我的图书馆
  • 登录
  • 详细信息显示
  • 放入我的书架
  • 预约/预借图书
  • 作者相关作品
  • 分类相关作品
  • 丛书相关作品
  • 出版社相关作品

书目信息

  • 表格格式
  • 工作单格式
  • 卡片格式
题名:
暗战1840
    
 
作者: 李德林 著
分册: 下  
出版信息: 北京   中华工商联合出版社  2011
页数: 285页
开本: 23cm
丛书名:
单 册:
中图分类: F832.948
科图分类:
主题词: 金融--对外经济关系--经济史--中国--明清时代
电子资源:
ISBN: 978-7-80249-853-2
000 00967nam0 2200241 45
001 1237602059
005 20120618095355.79
010    @a978-7-80249-853-2@dCNY39.90
100    @a20110618d2011 em y0chiy50 ea
101 0  @achi
102    @aCN@b110000
105    @ay 000yy
106    @ar
200 1  @a暗战1840@AAn Zhan 1840@e鸦片战争原来是一场金融战争@EYa Pian Zhan Zheng Yuan Lai Shi Yi Chang Jin Rong Zhan Zheng@h下@HXia@f李德林著@FLi De Lin Zhu
210    @a北京@c中华工商联合出版社@d2011
215    @a285页@d23cm
330    @a本书从经济的视角, 从1583年伊丽莎白向中国大明的万历皇帝写信结盟开始, 独家披露《南京条约》背后, 三百年的中英恩怨: 政治、商业、军事等。
517 1  @a鸦片战争原来是一场金融战争@AYa Pian Zhan Zheng Yuan Lai Shi Yi Chang Jin Rong Zhan Zheng
606 0  @a金融@x对外经济关系@j经济史@y中国@z明清时代
690    @aF832.948@v4
701  0 @a李德林@ALi De Lin@4著
801  0 @aCN@bTSTCL@c20120604
905    @b0817187-90@dF832.948@e87@f4
    
    暗战1840:鸦片战争原来是一场金融战争.下/李德林著.-北京:中华工商联合出版社,2011
    285页;23cm
    
    
    ISBN 978-7-80249-853-2:CNY39.90
    本书从经济的视角, 从1583年伊丽莎白向中国大明的万历皇帝写信结盟开始, 独家披露《南京条约》背后, 三百年的中英恩怨: 政治、商业、军事等。
●
相关链接 在E读中查询图书 在五车中查询图书 在当当中查询图书 在豆瓣中查询图书


正题名:暗战1840     索取号:F832.948/87         预约/预借

序号 登录号 条形码 馆藏地/架位号 状态 备注
1 0817187   208171878   第一样本阅览室/ [索取号:F832.948/87] 在馆    
2 0817188   208171887   第一借阅区/ [索取号:F832.948/87] 在馆    
3 0817189   208171896   第一借阅区/ [索取号:F832.948/87] 在馆    
4 0817190   208171903   第一借阅区/ [索取号:F832.948/87] 在馆    
唐山师范学院图书馆 欢迎您!
大连网信软件有限公司© 版权所有